000 004560000a22001330004500
090 _aAS
_bSeriadas
245 1 0 _aObservaciones sobre la composición, ecología, y zoogeografía de la avifauna de la Sierra de Chiribiquete, Caqueta, Colombia
041 0 _aEspañol
700 1 _aTelleria Geiger, José Luis
_999406
700 1 _aDíaz, Mario
_999407
100 1 _aStiles, F. Gary
_9877
942 _cARTICULO
773 1 _tCaldasia
_345
_h82-85
_q481-500
_d1995
_g17
999 _c14919
_d14919